00551nam a22001577a 4500008004100000020001800041040005500059080001400114100002400128245011100152260006400263300001000327650001800337653001600355700002200371230622b |||||||| |||| 00| 0 eng d a0-444-99858-6 aNational Science LibrarycNational Science Library a628.1bL51 aBaumgartner, Albert aWorld water balance: bMean annual global, continental and maritime precipitation, evaporation and run off aAmsterdam: bElsevier Scientific Publishing Company, c1975 a179p. aWater balance aWater cycle aReichel, Eberhard